Crime scene to court : (رقم التسجيلة. 21539)
[ عرض عادي ]
| 000 -الفاتح | |
|---|---|
| حقل البيانات ثابتة الطول | 00979cam a2200289Ia 4500 |
| 001 - رقم الضبط | |
| رقم الضبط | 665138567 |
| 003 - محدد رقم الضبط | |
| رقم الضبط | OCoLC |
| 005 - وقت وتاريخ اخر تعامل مع التسجيلة | |
| رقم الضبط | 20150408114014.0 |
| 008 - عناصر البيانات ثابتة الطول - معلومات عامة | |
| حقل البيانات ثابتة الطول | 100419s2010 enka b 001 0 eng d |
| 015 ## - رقم الببليوجرافية الوطنية | |
| رقم الببليوجرافية الوطنية | GBB061118 |
| المصدر | bnb |
| 020 ## - الرقم الدولى المعيارى للكتب | |
| الرقم الدولى المعيارى للكتاب | 9781847558824 (pbk.) |
| 020 ## - الرقم الدولى المعيارى للكتب | |
| الرقم الدولى المعيارى للكتاب | 1847558828 (pbk.) |
| 035 ## - رقم ضبط النظام | |
| رقم ضبط النظام | (OCoLC)665138567 |
| رقم الضبط الملغى والمتاح | (OCoLC)615905889 |
| 040 ## - مصدر الفهرسة | |
| وكالة الفهرسة الأصلية | QCL |
| لغة الفهرسة | eng |
| وكالة النسخ | QCL |
| وكالة التعديل | UKM |
| -- | BWK |
| -- | CDX |
| 050 #4 - رقم طلب مكتبة الكونجرس | |
| رقم التصنيف | HV8073 |
| رقم المادة | .C692 2010 |
| 082 04 - رقم تصنيف ديوى العشرى | |
| رقم التصنيف | 363.250941 |
| رقم الطبعة | 22 |
| 245 00 - بيان العنوان | |
| العنوان | Crime scene to court : |
| بقية العنوان | the essentials of forensic science / |
| بيان المسئوليه,etc | edited by Peter White. |
| 250 ## - بيان الطبعة | |
| بيان الطبعة | 3rd ed. |
| 260 ## - PUBLICATION, DISTRIBUTION, ETC. (IMPRINT) | |
| مكان الناشر او الموزع | Cambridge : |
| اسم الناشر او الموزع | RSC Publishing, |
| تاريخ النشر أو التوزيع | c2010. |
| 300 ## - الوصف المادى | |
| التعداد | xxvi, 569 p. : |
| تفاصيل ماديه اخرى للوعاء | ill. (some col.) ; |
| أبعاد الوعاء | 24 cm. |
| 500 ## - تبصرة عامة | |
| تبصرة عامة | Previous ed.: 2004. |
| 504 ## - تبصرة ببليوجرافية | |
| تبصرة ببليوجرافية,الخ | Includes bibliographical references and index. |
| 650 #0 - المدخل الاضافى بالموضوع-مصطلح موضوعى | |
| مصطلح موضوعي أو اسم جغرافي كعنصر مدخل | Forensic sciences |
| التقسيم الفرعي الجغرافي | Great Britain. |
| 9 (RLIN) | 11965 |
| 700 1# - المدخل الاضافى - اسم شخصى | |
| الإسم الشخصى | White, Peter, |
| التواريخ المصاحبة للاسم | 1949 Oct. 29- |
| 9 (RLIN) | 11966 |
| 710 2# - المدخل الاضافى - اسم هيئه | |
| اسم الهيئة أو اسم السلطة كمدخل | Royal Society of Chemistry (Great Britain) |
| 9 (RLIN) | 10425 |
| 942 ## - عناصر المدخل الإضافي( كوها) | |
| مصدر التصنيف او مخطط الترفيف | Dewey Decimal Classification |
| Koha [default] item type | كتاب |
| حالة الفقد | نموذج السعر الفعال | حالة تلف | ليس للاعارة | رقم الطلب | تاريخ الاكتساب | الموقع الحالي | الباركود | الفرع الرئيسي | Date last seen | نوع المادة فى نظام كوها | مصدر التصنيف او خطة الترفيف | Total Checkouts |
|---|---|---|---|---|---|---|---|---|---|---|---|---|
| 2013-03-10 | 363.250941 C R S | 2012-04-23 | مكتبة كلية التمريض - طالبات (CNF) | 00085404 | مكتبة كلية التمريض - طالبات (CNF) | 2013-03-10 | كتاب | Dewey Decimal Classification | ||||
| 2013-03-10 | 363.250941 C R S | 2012-04-23 | مكتبة كلية التمريض - طالبات (CNF) | 00085405 | مكتبة كلية التمريض - طالبات (CNF) | 2013-03-10 | كتاب | Dewey Decimal Classification |
